Councils of Scotland by last two letters - Statistics

General Stats
  • This quiz has been taken 43 times
  • The average score is 18 of 32
Answers on the Map
Answers color-coded by a green-red scale on the quiz's map according to % correct below.
 
Answer Stats
Council % Correct
Clackmannanshire
93%
Aberdeenshire
79%
North Lanarkshire
79%
Shetland Islands
79%
South Lanarkshire
79%
East Ayrshire
71%
East Dunbartonshire
71%
East Renfrewshire
71%
Glasgow
71%
Highland
71%
North Ayrshire
71%
Renfrewshire
71%
South Ayrshire
71%
West Dunbartonshire
71%
East Lothian
64%
Midlothian
64%
Scottish Borders
64%
West Lothian
64%
Aberdeen City
57%
Dumfries and Galloway
57%
Moray
57%
Edinburgh
50%
Argyll and Bute
43%
Orkney Islands
43%
Dundee City
36%
Stirling
36%
Angus
29%
Inverclyde
29%
Na h-Eileanan Siar
29%
Falkirk
21%
Fife
21%
Perth and Kinross
21%
No matching quizzes found
Score Distribution
Percent of People with Each Score
Percentile by Number Answered
Your Score History
You have not taken this quiz